|
|
|
|
| LEADER |
01297nam a2200337 a 4500 |
| 001 |
6075 |
| 003 |
BD-DhAAL |
| 005 |
20150524102420.0 |
| 008 |
150524s1994 caua j 000 0aeng |
| 010 |
|
|
|a 93024529
|
| 020 |
|
|
|a 0383037344 :
|c $4.25
|
| 040 |
|
|
|a DLC
|c DLC
|d DLC
|d BD-DhAAL
|
| 050 |
0 |
0 |
|a PR9639.3.C24
|b Z474 1994
|
| 082 |
0 |
0 |
|a 823
|a B
|2 20
|
| 100 |
1 |
|
|a Caisley, Raewyn.
|9 11353
|
| 245 |
1 |
0 |
|a Raewyn's got the writing bug again /
|c written by Raewyn Caisley ; photographs by Brain Gilkes.
|
| 260 |
|
|
|a [Santa Rosa, Calif.] :
|b SRA,
|c c1994.
|
| 300 |
|
|
|a 24 p. :
|b col. ill. ;
|c 26 cm.
|
| 490 |
1 |
|
|a Voyages
|
| 541 |
|
|
|e 6075
|
| 600 |
1 |
0 |
|a Caisley, Raewyn
|v Juvenile literature.
|9 11354
|
| 600 |
1 |
1 |
|a Caisley, Raewyn.
|9 11355
|
| 650 |
|
0 |
|a Authors, New Zealand
|y 20th century
|v Biography
|v Juvenile literature.
|9 11356
|
| 650 |
|
0 |
|a Children's stories
|x Authorship
|v Juvenile literature.
|9 11357
|
| 650 |
|
1 |
|a Authors, New Zealand.
|9 11358
|
| 650 |
|
1 |
|a Authorship.
|9 8875
|
| 700 |
1 |
|
|a Gilkes, Brian,
|e ill.
|9 11359
|
| 830 |
|
0 |
|a Voyages (Santa Rosa, Calif.)
|9 11360
|
| 942 |
|
|
|2 ddc
|c BK
|
| 999 |
|
|
|c 34504
|d 34504
|
| 952 |
|
|
|0 0
|1 0
|2 ddc
|4 0
|6 823_000000000000000_CAI
|7 0
|9 53857
|a SCL
|b SCL
|c GEN
|d 2015-05-24
|e Gift: The Asia Foundation
|l 4
|m 19
|o 823 CAI
|p 3020006075
|r 2020-03-10
|s 2020-01-19
|t 1
|w 2015-05-24
|y BK
|